Statistics for Biggest English Cities and Towns in 1901

Click here to take the quiz!

General Stats

  • This quiz has been taken 202 times
  • The average score is 19 of 30

Answer Stats

Pop.Cities / Towns% Correct
6,339,500London
100%
543,900Manchester
98%
522,200Birmingham
97%
702,200Liverpool
94%
429,000Leeds
92%
215,300Newcastle
89%
409,100Sheffield
87%
329,400Bristol
83%
104,800Southampton
80%
211,600Leicester
79%
239,700Nottingham
79%
107,600Plymouth
79%
188,100Portsmouth
77%
240,300Kingston upon Hull
74%
111,700Norwich
71%
123,500Brighton
67%
279,800Bradford
64%
114,800Derby
63%
146,100Sunderland
63%
214,700Stoke-on-Trent
58%
113,000Preston
47%
129,200Blackburn
43%
168,200Bolton
43%
137,200Oldham
27%
97,000Burnley
26%
221,000Salford
24%
104,900Halifax
21%
109,900Gateshead
17%
110,900Birkenhead
16%
100,900South Shields
9%

Score Distribution

Percentile by Number Answered

Percent of People with Each Score

Your Score History

You have not taken this quiz